ইসলামি শব্দকোষ / (Record no. 13916)
[ view plain ]
| 000 -LEADER | |
|---|---|
| fixed length control field | 00779nam a2200241 a 4500 |
| 001 - CONTROL NUMBER | |
| JCCL Control Number | 13916 |
| 003 - CONTROL NUMBER IDENTIFIER | |
| JCCL marc code | BD-JhCC |
| 005 - DATE AND TIME OF LATEST TRANSACTION | |
| control field | 20240515093138.0 |
| 008 - FIXED-LENGTH DATA ELEMENTS--GENERAL INFORMATION | |
| fixed length control field | 210831b2024 bg |||| ||a| 000 0 ben d |
| 020 ## - INTERNATIONAL STANDARD BOOK NUMBER | |
| International Standard Book Number | 9789848801680 |
| 035 ## - SYSTEM CONTROL NUMBER | |
| system control number | (BD-JhCC)13916 |
| 040 ## - CATALOGING SOURCE | |
| Original cataloging agency | BD-JhCC |
| Modifying agency | BD-JhCC |
| 041 ## - LANGUAGE CODE | |
| Language code of Book | Bengali |
| 082 ## - DEWEY DECIMAL CLASSIFICATION NUMBER | |
| DDC Edition number | 23 |
| Classification number | 297.1 |
| Author mark and Year | ISL 2024 |
| 245 ## - TITLE STATEMENT | |
| Title | ইসলামি শব্দকোষ / |
| Statement of responsibility, etc | সম্পা: ড. মোঃ মাসুদ আলম, ইমদাদুল হক । |
| 260 ## - PUBLICATION, DISTRIBUTION, ETC. (IMPRINT) | |
| Place of publication, distribution, etc | ঢাকা: |
| Name of publisher, distributor, etc | অবসর; |
| Date of publication, distribution, etc | ২০২৪. |
| 300 ## - PHYSICAL DESCRIPTION | |
| Pagination | 216 p. : |
| Dimensions | 22 cm. |
| 650 ## - SUBJECT ADDED ENTRY--TOPICAL TERM | |
| Topical term or geographic name as entry element | Arabic education |
| Geographic subdivision | Arabic language |
| 700 ## - ADDED ENTRY--PERSONAL NAME | |
| Personal name | আলম,ড. মোঃ মাসুদ |
| 700 ## - ADDED ENTRY--PERSONAL NAME | |
| Personal name | হক,ইমদাদুল |
| 942 ## - ADDED ENTRY ELEMENTS (KOHA) | |
| Source of classification or shelving scheme | Dewey Decimal Classification |
| Koha item type | Books |
| Koha issues (borrowed), all copies | 2 |
| Source of classification or shelving scheme | Damaged status | Not for loan | Home library | Current library | Shelving location | Date of accession | Cost, normal purchase price | Total Checkouts | Full call number | Barcode | Date last seen | Copy number | Method of acquisition | Koha item type | Currency | Date checked out |
|---|---|---|---|---|---|---|---|---|---|---|---|---|---|---|---|---|
| Dewey Decimal Classification | JCC Rouf Library | JCC Rouf Library | General Stacks | 460.00 | 297.1 ISL 2024 | 19629 | 05/15/2024 | C-1 | Purchase | Books | BDT | |||||
| Dewey Decimal Classification | JCC Rouf Library | JCC Rouf Library | General Stacks | 460.00 | 297.1 ISL 2024 | 19812 | 01/06/2025 | C-2 | Purchase | Books | BDT | |||||
| Dewey Decimal Classification | JCC Rouf Library | JCC Rouf Library | General Stacks | 460.00 | 297.1 ISL 2024 | 19813 | 01/06/2025 | C-3 | Purchase | Books | BDT | |||||
| Dewey Decimal Classification | JCC Rouf Library | JCC Rouf Library | General Stacks | 460.00 | 297.1 ISL 2024 | 19814 | 01/06/2025 | C-4 | Purchase | Books | BDT | |||||
| Dewey Decimal Classification | JCC Rouf Library | JCC Rouf Library | General Stacks | 460.00 | 297.1 ISL 2024 | 19815 | 01/06/2025 | C-5 | Purchase | Books | BDT | |||||
| Dewey Decimal Classification | JCC Rouf Library | JCC Rouf Library | General Stacks | 460.00 | 1 | 297.1 ISL 2024 | 19816 | 04/17/2025 | C-6 | Purchase | Books | BDT | 04/10/2025 |